000 00268nam a2200109Ia 4500
008 230320s9999||||xx |||||||||||||| ||spa||
082 _a343.8/H82
100 _aHuamaní Cueva, Rosendo
245 0 _aCódigo Tributario : Comentado
260 _bJurista
942 _81
_cLIB
999 _c49172
_d49172